[Event "Johannesburg PSS op"]
[Site "Johannesburg"]
[Date "2016.04.24"]
[Round "9"]
[White "Mwale, Joseph"]
[Black "Zitha, Ll"]
[Result "0-1"]
[WhiteElo "2076"]
[BlackElo "2085"]
[PlyCount "78"]
[EventDate "2016.04.23"]
[EventType "swiss"]
[EventRounds "10"]
[EventCountry "RSA"]
[SourceTitle "CBM 172 Extra"]
[Source "ChessBase"]
[SourceDate "2016.06.21"]
[SourceVersion "1"]
[SourceVersionDate "2016.06.21"]
[SourceQuality "1"]

1. Nf3 Nf6 2. g3 g6 3. Bg2 Bg7 4. 0-0 0-0 5. d4 d6 6. c4 c6 7. Nc3 Qa5 8. Re1 Qh5 9. Bf4 Bh3 10. Bh1 Qa5 11. a3 Nbd7 12. b4 Qa6 13. b5 cxb5 14. cxb5 Qa5 15. Bd2 Rac8 16. Ng5 Bg4 17. h3 h6 18. hxg4 hxg5 19. Nd5 Qd8 20. Bxg5 Nxd5 21. Bxd5 Qb6 22. Bxe7 Rfe8 23. Bg5 Qxb5 24. e4 Nb6 25. Rb1 Qa5 26. Qf3 Nxd5 27. Rf1 Ne7 28. Bf4 Nc6 29. Rxb7 Nxd4 30. Qd3 Rc3 31. Qd1 Qxa3 32. Be3 Rxe3 33. fxe3 Qxe3+ 34. Kh2 Be5 35. Rb2 Qxg3+ 36. Kh1 Kg7 37. Rg2 Rh8+ 38. Kg1 Qe3+ 39. Rff2 Bg3 0-1